Quick Click - Tile Select - Statistics

General Stats
  • This quiz has been taken 69 times
  • The average score is 48 of 80
Answer Stats
Question Tile Select % Correct
Commas , Yes
95%
Commas , Yes
95%
Commas , Yes
95%
Commas , Yes
95%
Commas , Yes
95%
Commas , Yes
93%
Commas , Yes
93%
Commas , Yes
93%
Commas , Yes
91%
Commas . No
89%
Commas . No
89%
Commas . No
89%
Commas . No
89%
Commas . No
86%
Commas , Yes
86%
Commas . No
86%
Prime Numbers 13 Yes
80%
Prime Numbers 4 No
80%
Prime Numbers 7 Yes
80%
Prime Numbers 10 No
77%
Prime Numbers 11 Yes
77%
Prime Numbers 12 No
77%
Prime Numbers 14 No
77%
Prime Numbers 16 No
77%
Prime Numbers 5 Yes
77%
Prime Numbers 6 No
77%
Prime Numbers 8 No
77%
Countries in who's capitals are in Asia Australia No
77%
Countries in who's capitals are in Asia Italy No
77%
Countries in who's capitals are in Asia New Zealand No
77%
Countries in who's capitals are in Asia Poland No
77%
Countries in who's capitals are in Asia United Kingdom No
77%
Countries in who's capitals are in Asia United States No
77%
Countries in who's capitals are in Asia Brazil No
75%
Countries in who's capitals are in Asia China Yes
75%
Prime Numbers 15 No
73%
Countries in who's capitals are in Asia Argentina No
73%
Countries in who's capitals are in Asia Japan Yes
73%
Prime Numbers 3 Yes
70%
Countries in who's capitals are in Asia Egypt No
70%
Countries in who's capitals are in Asia India Yes
70%
Prime Numbers 9 No
68%
Countries in who's capitals are in Asia Indonesia Yes
68%
Prime Numbers 2 Yes
66%
Countries in who's capitals are in Asia Russia No
66%
Countries in who's capitals are in Asia South Korea Yes
64%
Countries in who's capitals are in Asia Saudi Arabia Yes
61%
Prime Numbers 1 No
59%
Letters that come before P in the alphabet I Yes
52%
Letters that come before P in the alphabet S No
52%
Letters that come before P in the alphabet W No
52%
Letters that come before P in the alphabet X No
52%
Letters that come before P in the alphabet Y No
52%
Letters that come before P in the alphabet Z No
52%
Letters that come before P in the alphabet R No
50%
Letters that come before P in the alphabet B Yes
48%
Letters that come before P in the alphabet O Yes
48%
Letters that come before P in the alphabet Q No
48%
Letters that come before P in the alphabet A Yes
43%
Letters that come before P in the alphabet H Yes
41%
Letters that come before P in the alphabet D Yes
39%
Letters that come before P in the alphabet E Yes
39%
Letters that come before P in the alphabet M Yes
39%
Letters that come before P in the alphabet L Yes
36%
Numbers less than 10 11 No
16%
Numbers less than 10 12 No
16%
Numbers less than 10 18 No
16%
Numbers less than 10 54 No
16%
Numbers less than 10 78 No
16%
Numbers less than 10 19 No
14%
Numbers less than 10 2 Yes
14%
Numbers less than 10 678 No
14%
Numbers less than 10 4 Yes
11%
Numbers less than 10 6 Yes
11%
Numbers less than 10 0 Yes
9%
Numbers less than 10 3 Yes
9%
Numbers less than 10 5 Yes
9%
Numbers less than 10 7 Yes
9%
Numbers less than 10 8 Yes
9%
Numbers less than 10 1 Yes
7%
No matching quizzes found
Score Distribution
Percent of People with Each Score
Percentile by Number Answered
Your Score History
You have not taken this quiz